Food engineering 2000
Na minha lista:
| Main Authors: | , , |
|---|---|
| Formato: | Livro |
| Idioma: | inglês |
| Publicado em: |
Nueva York
Chapman and Hall
1996
|
| Assuntos: | |
| Tags: |
Adicionar Tag
Sem tags, seja o primeiro a adicionar uma tag!
|
MARC
| LEADER | 00000nam a2200000 a 4500 | ||
|---|---|---|---|
| 001 | UCR0452 | ||
| 003 | CL-VaPUC | ||
| 008 | 971205e19960000US |||||||||||||||||eng|d | ||
| 082 | 0 | 4 | |a 664 |b FIT |2 21 |
| 100 | 0 | |a Fito, Pedro |e author |9 396118 | |
| 700 | 0 | |a Ortega Rodríguez, Enrique |e author |9 396119 | |
| 700 | 0 | |a Barbosa Cánovas, Gustavo V |e author |9 396120 | |
| 245 | 1 | 0 | |a Food engineering 2000 |
| 300 | |a 416 p | ||
| 942 | |c BK | ||
| 945 | |d 19971205 00:00:00 |a rleighto | ||
| 260 | |a Nueva York |b Chapman and Hall |c 1996 | ||
| 650 | 7 | |a TECNOLOGIA DE ALIMENTOS |2 CL-VaPUC |9 396121 | |
| 650 | 0 | |a Alimentos |9 256203 | |
| 650 | 0 | |a Cereales |9 264300 | |
| 650 | 7 | |a PROCESAMIENTO DE ALIMENTO |2 CL-VaPUC |9 396122 | |
| 583 | |a last modification |c 19971205 00:00:00 |k Rodrigo Vera | ||
| 999 | |c 263969 |d 263967 | ||
| 952 | |0 0 |1 0 |4 0 |6 664_000000000000000_FIT_1996 |7 0 |8 A |9 293512 |a BIBALI |b BIBALI |d 2019-11-19 |i 337873K |o 664 FIT 1996 |p 337873K |r 2025-01-20 |w 2019-11-19 |y BK |k ALI | ||